<?xml version="1.0" encoding="UTF-8"?><?xml-stylesheet type="text/xsl" href="static/style.xsl"?><OAI-PMH xmlns="http://www.openarchives.org/OAI/2.0/" xmlns:xsi="http://www.w3.org/2001/XMLSchema-instance" xsi:schemaLocation="http://www.openarchives.org/OAI/2.0/ http://www.openarchives.org/OAI/2.0/OAI-PMH.xsd"><responseDate>2026-06-03T22:29:56Z</responseDate><request verb="GetRecord" identifier="oai:riuma.uma.es:10630/26705" metadataPrefix="marc">https://riuma.uma.es/rest/oai/request</request><GetRecord><record><header><identifier>oai:riuma.uma.es:10630/26705</identifier><datestamp>2026-02-03T12:53:17Z</datestamp><setSpec>com_10630_25813</setSpec><setSpec>com_10630_3139</setSpec><setSpec>com_10630_10</setSpec><setSpec>col_10630_25830</setSpec></header><metadata><record xmlns="http://www.loc.gov/MARC21/slim" xmlns:dcterms="http://purl.org/dc/terms/" xmlns:doc="http://www.lyncode.com/xoai" xmlns:xsi="http://www.w3.org/2001/XMLSchema-instance" xsi:schemaLocation="http://www.loc.gov/MARC21/slim http://www.loc.gov/standards/marcxml/schema/MARC21slim.xsd">
   <leader>00925njm 22002777a 4500</leader>
   <datafield ind2=" " ind1=" " tag="042">
      <subfield code="a">dc</subfield>
   </datafield>
   <datafield ind2=" " ind1=" " tag="720">
      <subfield code="a">Bayo Delgado, Joaquín</subfield>
      <subfield code="e">author</subfield>
   </datafield>
   <datafield ind2=" " ind1=" " tag="260">
      <subfield code="c">2003-03-25</subfield>
   </datafield>
   <datafield ind2=" " ind1=" " tag="520">
      <subfield code="a">La generalización de los llamados juicios rápidos está suscitando un justificado interés entre los operadores jurídicos y el público en general. Esta modalidad procesal, aunque con un ámbito más limitado, tiene ya desde hace más de 10 años unas previsiones legales que la posibilitan.&#xd;
&#xd;
Algunas ciudades entre las que destaca Barcelona, supieron en su momento desarrollar esas previsiones y tienen ya una notable experiencia en este tipo de juicios. Nuestra revista ha solicitado al Juez decano de Barcelona, Joaquín Bayo Delgado, que haga un análisis de la reforma procesal desde la experiencia que ha acumulado en el Decanato.</subfield>
   </datafield>
   <datafield ind1="8" ind2=" " tag="024">
      <subfield code="a">Bayo Delgado, J. (2003). Juicios rápidos e inmediatos. Boletín Criminológico, (9). https://doi.org/10.24310/Boletin-criminologico.2003.v9i.8909</subfield>
   </datafield>
   <datafield ind1="8" ind2=" " tag="024">
      <subfield code="a">https://hdl.handle.net/10630/26705</subfield>
   </datafield>
   <datafield ind1="8" ind2=" " tag="024">
      <subfield code="a">https://doi.org/10.24310/Boletin-criminologico.2003.v9i.8909</subfield>
   </datafield>
   <datafield tag="653" ind2=" " ind1=" ">
      <subfield code="a">Derecho procesal - España</subfield>
   </datafield>
   <datafield ind2="0" ind1="0" tag="245">
      <subfield code="a">Juicios rápidos e inmediatos.</subfield>
   </datafield>
</record>
</metadata></record></GetRecord></OAI-PMH>